000 00567nam a22002057a 4500
999 _c6750
_d6750
003 OSt
005 20251011020003.0
008 210129b ||||| |||| 00| 0 eng d
020 _a0702016756
040 _cNLM
082 _aWB100 S25h 1995
100 _a by Edited by Michael, Swash; Hutchison, Robert.
_913852
245 _a Hutchison's Clinical Methods.
250 _a20th ed.
260 _aLondon;
_bW.B. Saunders Co.;
_c1995
300 _axi,489p;
_bcol.ill:
_c26.5cm
504 _aIndex included
650 _aClinical methods
_911349
942 _2z
_cB_BANK
_01